Pittsburgh Penguins 2022-23 Jersey Numbers - Statistics

General Stats
  • This quiz has been taken 172 times
    162 since last reset
  • The average score is 18 of 22
Answer Stats
Player Name Pos # % Correct
Sidney Crosby (C) C 87
99%
Bryan Rust RW 17
96%
Kris Letang (A) D 58
96%
Evgeni Malkin (A) C 71
96%
Jake Guentzel LW 59
95%
Tristan Jarry G 35
93%
Jeff Carter C 77
91%
Jason Zucker LW 16
90%
Rickard Rakell RW 67
90%
Marcus Pettersson D 28
88%
Teddy Blueger C 53
88%
Danton Heinen C 43
86%
Kasperi Kapanen RW 42
85%
P.O. Joseph D 73
82%
Brock McGinn LW 23
81%
Josh Archibald RW 15
80%
Jan Rutta D 44
79%
Ryan Poehling C 25
78%
Jeff Petry D 26
77%
Casey DeSmith G 01
60%
Brian Dumoulin D 08
60%
Chad Ruhwedel D 02
59%
No matching quizzes found
Score Distribution
Percent of People with Each Score
Percentile by Number Answered
Your Score History
You have not taken this quiz since the last reset